000 00491nmm a2200169Ia 4500
008 251105s9999||||xx |||||||||||||||||und||
020 _a9788496357525
041 _aspa
100 _aGallardo, Juan José
245 0 _aTortura y transición democrática. El caso Téllez
264 _a[Madrid, España] :
_bCarena Editores,
_c2007
300 _a142 páginas
490 _aEnsayo
650 _aSpanish literature
856 _uhttps://public.digitaliapublishing.com/a/848
942 _cCF
999 _c89848
_d89848